000 00354nam a2200133Ia 4500
008 240624s9999 xx 000 0 und d
041 _aeng
082 _a823 ARM
100 _aARMSTRONG KAREN
245 _aBATTLE FOR GOD FUNDAMENTALISM IN JUDAISM
260 _c2000
_aNew Delhi
_bHarperCollins
300 _axvi, : 442 : p. : cm. ; 20
365 _cRS
_b25
999 _c18431
_d18431